000 00321nam a22001577a 4500
003 SGT
020 _a9780195167399
082 _a150,ARK
100 _aARKING, ROBERT
245 _aBIOLOGY OF AGING
250 _a3RD
260 _aNEW DELHI
_bOXFORD
_c2006
300 _a604
650 _aPSYCHOLOGY
942 _2ddc
_cBK
999 _c26800
_d26800